Chansons de ABBA - Mort subite - Statistiques

Statistiques générales
  • Ce quiz a été pris 446 fois
  • Le résultat moyen est 15 sur 24
Answers on the Grid
Answers color-coded by a green-red scale on the quiz's grid according to % correct below.
Dancing Queen
Waterloo
Mamma Mia
One of Us
The Winner Takes It All
Super Trouper
Under Attack
Hasta Manana
Honey, Honey
SOS
Knowing Me, knowing You
Fernando
Take a Chance on Me
Thank You for the Music
Chiquitita
Angeleyes
Voulez-Vous
I Still Have Faith in You
Happy New Year
Does Your Mother Know
I do, I do, I do, I do, I do
I Have a Dream
Lay All Your Love on Me
Gimme! Gimme! Gimme! (A Man After Midnight)
Cheri, Cheri Lady
Ma Baker
Lady (Hear Me Tonight)
Stayin' Alive
Take My Breath Away
I Wanna Dance With Somebody
Holding Out for a Hero
I'm Still Standing
The Final Countdown
Don't Stop Me Now
You Give Love a Bad Name
It Must Have Been Love
 
Statistiques - réponses
Réponse % Correct
Mamma Mia
91%
Dancing Queen
90%
Gimme! Gimme! Gimme! (A Man After Midnight)
90%
Waterloo
85%
The Winner Takes It All
84%
Voulez-Vous
84%
Super Trouper
81%
Chiquitita
80%
Take a Chance on Me
73%
Honey, Honey
72%
Lay All Your Love on Me
72%
SOS
72%
Fernando
70%
Knowing Me, knowing You
65%
I do, I do, I do, I do, I do
61%
I Have a Dream
58%
Thank You for the Music
58%
Does Your Mother Know
56%
Angeleyes
53%
One of Us
43%
Happy New Year
32%
I Still Have Faith in You
31%
Hasta Manana
23%
Under Attack
20%
Aucun quiz correspondant
Distribution des résultats
% des personnes avec chaque résultat
Percentile par nombre de réponses
Votre historique - résultats
Vous n’avez pas pris ce quiz